Detection of malicious portable executables (Record no. 10151)

000 -LEADER
fixed length control field 00498 a2200133 4500
082 ## - DEWEY DECIMAL CLASSIFICATION NUMBER
Classification number MS-IT-7
Author Mark MOM
100 ## - MAIN ENTRY--PERSONAL NAME
Personal name Syeda Momina Tabish
9 (RLIN) 99049
245 ## - TITLE STATEMENT
Title Detection of malicious portable executables
Statement of responsibility, etc. Syeda Momina Tabish
260 ## - PUBLICATION, DISTRIBUTION, ETC.
Place of publication, distribution, etc. Islamabad:
Name of publisher, distributor, etc. NUST School of Electrical Engineering & Computer Science,
Date of publication, distribution, etc. 2010.
300 ## - PHYSICAL DESCRIPTION
Extent x, 75 p. :
Other physical details ill. ;
Dimensions 27 cm.
500 ## - GENERAL NOTE
General note Supervisor : Dr. Fauzan Mirza.
856 ## - ELECTRONIC LOCATION AND ACCESS
Uniform Resource Identifier <a href="http://10.250.8.41:8080/xmlui/handle/123456789/10015">http://10.250.8.41:8080/xmlui/handle/123456789/10015</a>
942 ## - ADDED ENTRY ELEMENTS (KOHA)
Koha item type Project Report
Call number prefix MS-IT- 7 MOM
Source of classification or shelving scheme
Holdings
Withdrawn status Lost status Damaged status Not for loan Permanent Location Current Location Total Checkouts Full call number Barcode Date last seen Price effective from Koha item type
        Central Library (CL) Central Library (CL)   MS-IT- 7 MOM SEECSP00833 11/14/2012 11/14/2012 Project Report
© 2023 Central Library, National University of Sciences and Technology. All Rights Reserved.